Honeycombs and Pyramids: Works (Record no. 12412)

000 -LEADER
fixed length control field 00288 a2200121 4500
003 - CONTROL NUMBER IDENTIFIER
control field OSt
008 - FIXED-LENGTH DATA ELEMENTS--GENERAL INFORMATION
fixed length control field 240116b ||||| |||| 00| 0 eng d
020 ## - INTERNATIONAL STANDARD BOOK NUMBER
International Standard Book Number 9782953808179
082 ## - DEWEY DECIMAL CLASSIFICATION NUMBER
Classification number 720.92
100 ## - MAIN ENTRY--PERSONAL NAME
Personal name Rasmus Fenhann
Dates associated with a name 1999-2022
245 ## - TITLE STATEMENT
Title Honeycombs and Pyramids: Works
942 ## - ADDED ENTRY ELEMENTS (KOHA)
Source of classification or shelving scheme
Holdings
Withdrawn status Lost status Source of classification or shelving scheme Damaged status Koha normalized classification for sorting Not for loan Permanent location Current location Date acquired Source of acquisition Cost, normal purchase price Full call number Barcode Date last seen Cost, replacement price Price effective from Koha item type
        720_920000000000000   BMS College of Architecture, Design and Planning BMS College of Architecture, Design and Planning 2024-01-16 1 2353.10 720.92 AR-UG3689 2024-01-16 3137.47 2024-01-16 UG Books
Copyright © 2025, The Librarian, Library and Information Centre, BMSCA D&P, Bengaluru. All Rights Reserved
web counter

Powered by Koha